000 00465nam a2200169Ia 4500
008 221030s9999 xx 000 0 und d
020 _a8120309278
041 _aEnglish
082 _a105.23
_bCom
100 _aD. E. Comer
245 0 _aInternetworking With TCP/ IP Vol. II : Design,Implementation & Internals
_cby D. E. Comer, D.I. Stevens
260 _bPHI
_aNew Delhi
_c2001
300 _a612
650 _aBE Computer
700 _aD.I. Stevens
942 _cBK
999 _c7681
_d7681